Normal view
MARC view
- Dr. Amer Sohail Kashif
Entry Personal Name
001 - CONTROL NUMBER
- control field: 29573
003 - CONTROL NUMBER IDENTIFIER
- control field: NUST
005 - DATE AND TIME OF LATEST TRANSACTION
- control field: 20200828142824.0
008 - FIXED-LENGTH DATA ELEMENTS
- fixed length control field: 200828|| aca||aabn | a|a d
040 ## - CATALOGING SOURCE
- Original cataloging agency: NUST
- Transcribing agency: NUST
100 ## - HEADING--PERSONAL NAME
- Personal name: Dr. Amer Sohail Kashif
670 ## - SOURCE DATA FOUND
- Source citation: Work cat.: (NUST): Muhammad Wasim. 29572, Predictive control for improving vehicle handling and stability /, 2016.
